000
00303nam a2200133Ia 4500
008
220104s9999 xx 000 0 und d
100
_a
Achaya K T
245
0
_a
Rubber seed oils
520
_a
(citn only)
650
_a
Rubber seed
650
_a
Rubber seed oils
700
_a
Seavel A J
942
_c
BE
999
_c
47563
_d
47563